|
|
|
|
| LEADER |
00684nam a22002172a 4500 |
| 001 |
001194256 |
| 003 |
CZ BrMZK |
| 005 |
20120211094444.0 |
| 007 |
ta |
| 008 |
120211s1977 xo a er|||||||||||slo d |
| 040 |
|
|
|a ABA001
|b cze
|c ABA001
|d ABA001
|
| 100 |
1 |
|
|a Moric, Rudo,
|d 1921-1985
|7 jo20000074109
|4 com
|
| 245 |
1 |
0 |
|a Koník majstra Machuľku /
|c Rudo Moric ; [barev.] il. Michal Studený
|
| 250 |
|
|
|a 1. vyd.
|
| 260 |
|
|
|a Bratislava :
|b Mladé letá,
|c 1977
|
| 300 |
|
|
|a 62 s. ;
|c 8°
|
| 521 |
1 |
|
|a Pro čtenáře od 6 let
|
| 910 |
|
|
|a BOA001
|b 2-0781.726
|
| 990 |
|
|
|a BK
|
| 991 |
|
|
|b 201201
|
| 996 |
7 |
|
|b 2619487237
|c 2-0781.726
|l MZK
|r Sklad / do 1 hodiny
|n 0
|w 001227812
|u 000010
|a 1
|e BOA001
|j MZK50
|s A
|